| 000 | 00480cam a22001337a 4500 | ||
|---|---|---|---|
| 008 | 180718b1965 xxu||||| |||| 00| 0 eng d | ||
| 082 | _aR6:W48x54 In2 | ||
| 245 |
_aReport on survey of labour conditions in bicycle factories in India _cby Labour Bureau, Ministry of Labour |
||
| 260 |
_aDelhi _bThe Manager of Publications _c1965 |
||
| 300 | _a53p. | ||
| 650 | _aWork environment - India | ||
| 650 | _aBicycle industries - India | ||
| 700 | _aIndia. Ministry of Labour. Labour Bureau | ||
| 999 |
_c486797 _d486797 |
||